[Event "SVK GPX U08"]
[Site "Kremnica"]
[Date "2025.06.21"]
[Round "5"]
[White "Vrabel, Kristian"]
[Black "Pytliak, Simon"]
[Result "0-1"]
[WhiteElo "1146"]
[BlackElo "1467"]
[PlyCount "60"]
[EventDate "2025.06.21"]
[EventType "tourn (rapid)"]
[EventRounds "9"]
[EventCountry "SVK"]
[SourceTitle "CB26_2025"]
[SourceDate "2025.06.25"]
[SourceVersion "1"]
[SourceVersionDate "2025.06.25"]
[SourceQuality "1"]

1. e4 e5 2. Nf3 Nc6 3. Bc4 Nf6 4. d3 Bc5 5. Bg5 0-0 6. Nc3 Nd4 7. Nxd4 exd4 8. Nd5 Be7 9. Qf3 c6 10. Nxf6+ Bxf6 11. Bxf6 Qxf6 12. Qg3 Re8 13. 0-0 b5 14. Bb3 a5 15. a3 a4 16. Ba2 Bb7 17. f4 d5 18. f5 dxe4 19. dxe4 Rxe4 20. Kh1 Rae8 21. Qc7 Ba8 22. c3 dxc3 23. bxc3 R4e7 24. Qa5 Qg5 25. Rg1 c5 26. Qxb5 Bxg2+ 27. Rxg2 Re1+ 28. Rxe1 Rxe1+ 29. Qf1 Rxf1+ 30. Rg1 Qxg1# 0-1

[Event "SVK-ch U08"]
[Site "Tatralandia"]
[Date "2025.05.18"]
[Round "9"]
[White "Stoklasa, Michal"]
[Black "Pytliak, Simon"]
[Result "1/2-1/2"]
[WhiteElo "1000"]
[BlackElo "1000"]
[PlyCount "41"]
[EventDate "2025.05.11"]
[EventType "swiss"]
[EventRounds "9"]
[EventCountry "SVK"]
[SourceTitle "CB21_2025"]
[SourceDate "2025.05.21"]
[SourceVersion "1"]
[SourceVersionDate "2025.05.21"]
[SourceQuality "1"]

1. e4 d5 2. exd5 Nf6 3. Nf3 Nxd5 4. Bc4 e6 5. d3 Bc5 6. Bg5 Qd6 7. 0-0 0-0 8. Qd2 h6 9. Bh4 a6 10. d4 Bb4 11. c3 Ba5 12. Bxd5 exd5 13. Ne5 f6 14. Ng6 Re8 15. Re1 Rxe1+ 16. Qxe1 Bf5 17. Ne7+ Kf7 18. Nxf5 Qd7 19. Ng3 Nc6 20. Nd2 Re8 21. Qd1 1/2-1/2

[Event "SVK-ch U08"]
[Site "Tatralandia"]
[Date "2025.05.15"]
[Round "6"]
[White "Pytliak, Simon"]
[Black "Motyka, Richard"]
[Result "0-1"]
[WhiteElo "1000"]
[BlackElo "1234"]
[PlyCount "66"]
[EventDate "2025.05.11"]
[EventType "swiss"]
[EventRounds "9"]
[EventCountry "SVK"]
[SourceTitle "CB21_2025"]
[SourceDate "2025.05.21"]
[SourceVersion "1"]
[SourceVersionDate "2025.05.21"]
[SourceQuality "1"]

1. e4 c5 2. c3 Nc6 3. Nf3 d6 4. Bc4 Nf6 5. 0-0 Nxe4 6. Bd5 Nf6 7. Bb3 e5 8. Re1 Bf5 9. Bc2 Bxc2 10. Qxc2 Be7 11. d4 cxd4 12. cxd4 exd4 13. Bf4 0-0 14. Nbd2 Re8 15. Nc4 d5 16. Nce5 Nxe5 17. Nxe5 Bd6 18. Re2 Re7 19. Rae1 Nd7 20. Qf5 g6 21. Qg5 f6 22. Qh6 fxe5 23. Bg5 e4 24. Bxe7 Qxe7 25. f3 Qg7 26. Qd2 Qe5 27. g3 Bc5 28. Kh1 e3 29. Qa5 d3 30. Rg2 d2 31. Rxd2 exd2 32. Rxe5 d1Q+ 33. Re1 Qxf3# 0-1

[Event "SVK-ch U08"]
[Site "Tatralandia"]
[Date "2025.05.12"]
[Round "2"]
[White "Pytliak, Simon"]
[Black "Glod, Lukas"]
[Result "1-0"]
[WhiteElo "1000"]
[BlackElo "1000"]
[PlyCount "105"]
[EventDate "2025.05.11"]
[EventType "swiss"]
[EventRounds "9"]
[EventCountry "SVK"]
[SourceTitle "CB21_2025"]
[SourceDate "2025.05.21"]
[SourceVersion "1"]
[SourceVersionDate "2025.05.21"]
[SourceQuality "1"]

1. e4 e5 2. Nf3 Nc6 3. d4 exd4 4. Bc4 Bc5 5. c3 dxc3 6. Bxf7+ Kxf7 7. Qd5+ Ke8 8. Qh5+ Kf8 9. Qxc5+ Nce7 10. Qxc3 Nf6 11. Qb3 d5 12. Ne5 Qd6 13. Bf4 Qc5 14. 0-0 Qd4 15. Rd1 Qxe4 16. Bg3 Bf5 17. Nc3 Qc2 18. Qxb7 Re8 19. Rac1 Bc8 20. Qb5 a6 21. Qb4 a5 22. Qb5 c6 23. Qb6 Nd7 24. Nxd7+ Bxd7 25. Rxc2 Nc8 26. Qxa5 Bg4 27. Qb4+ Kg8 28. Qxg4 h6 29. Qg6 Re7 30. Bh4 Re5 31. Qxc6 Kh7 32. Re2 Rxe2 33. Nxe2 Na7 34. Qxd5 Re8 35. Qd3+ Kh8 36. Nf4 Nc6 37. Ng6+ Kg8 38. Qd5+ Kh7 39. Qxc6 Re2 40. a4 Rxb2 41. a5 Rb8 42. a6 Rg8 43. a7 h5 44. Ne7 Rf8 45. Rb1 Rd8 46. h3 g6 47. Rb8 Rd1+ 48. Kh2 Rh1+ 49. Kxh1 Kg7 50. a8Q Kf7 51. Rf8+ Kg7 52. Qf6+ Kh7 53. Qxg6# 1-0